00621nam a2200181Ia 4500008004100000020001500041041001200056082001600068100002100084245006300105260004000168300000800208650001200216700001800228942000700246999001500253952017100268221030s9999 xx 000 0 und d a8129704714 aEnglish a105.23bCha aP. D. Chaturvedi 0aBusiness Communicationcby P. D. Chaturvedi, M. Chaturvedi bPearson EducationaNew Delhic2005 a500 aENGLISH aM. Chaturvedi cBK c4748d4748 pBE 7800g225.00l0o105.23 Char2024-06-13 00:00:00w2022-10-30yBK003Print4070aMIETLIBbMIETLIBcBL-Academic Block A, FL-1, CUP-21, SH-2, R-2d2005-10-2810HBE